Statistics for Pokémon - All Cities and Town

Click here to take the quiz!

General Stats

  • This quiz has been taken 582 times
    (76 since last reset)
  • The average score is 53 of 127

Answer Stats

RegionLocation% Correct
KantoPallet Town
93%
Viridian City
86%
Cerulean City
83%
Lavender Town
83%
Pewter City
83%
Saffron City
83%
Celadon City
79%
Goldenrod City
79%
JohtoNew Bark Town
79%
Cinnabar Island
76%
SinnohTwinleaf Town
76%
Vermillion City
76%
HoennLittleroot Town
74%
Jubilife City
71%
Sandgem Town
67%
Azalea Town
64%
Blackthorn City
64%
Canalave City
64%
Castelia City
64%
Fuchsia City
64%
Snowpoint City
64%
Sootopolis City
62%
Ecruteak City
60%
Floaroma Town
60%
Lumiose City
60%
Olivine City
60%
Pastoria City
60%
Rustboro City
60%
Eterna City
57%
Fortree City
57%
Indigo Plateau
57%
Petalburg City
57%
Veilstone City
57%
Driftveil City
55%
Hearthome City
55%
Oreburgh City
55%
Slateport City
55%
Sunyshore City
55%
Cherrygrove City
52%
Lilycove City
52%
Solaceon Town
52%
Verdanturf Town
52%
Violet City
52%
Ever Grande City
50%
Mossdeep City
50%
Nimbasa City
50%
Dewford Town
48%
Mahogany Town
48%
UnovaNuvema Town
48%
Cianwood City
45%
Mauville City
45%
Nacrene City
45%
Pokémon League
45%
Aspertia City
43%
Black City
43%
Celestic Town
43%
Lavaridge Town
43%
Pacifidlog Town
43%
Striaton City
43%
Fight Area
40%
Humilau City
40%
Virbank City
40%
Wyndon
40%
Hau'oli City
38%
Mistralton City
38%
Oldale Town
38%
Opelucid City
38%
Resort Area
38%
White Forest
38%
Accumula Town
36%
Fallarbor Town
36%
Iccirus City
33%
Laverre City
33%
Malie City
33%
Mesagoza
33%
Motostoke
33%
Survival Area
33%
GalarPostwick
31%
Snowbelle City
31%
Undella Town
31%
KalosVaniville Town
31%
Coumarine City
29%
AlolaIki Town
29%
Po Town
29%
Ballonlea
26%
Cyllage City
26%
Floccesy Town
26%
Konikoni City
26%
Spikemuth
26%
Aquacorde Town
24%
Geosenge Town
24%
Hammerlocke
24%
Heahea City
24%
Lacunosa Town
24%
Stow-on-Side
24%
Anistar City
21%
Lentimas Town
21%
Seafolk Village
21%
Shalour City
21%
Tapu Village
21%
Ambrette Town
19%
Camphrier Town
19%
Crown TundraFreezington
19%
Paniola Town
19%
Santalune City
19%
Turrfield
19%
PaldeaCabo Poco
17%
Circhester
17%
Couriway Town
17%
Dendemille Town
17%
Hulbury
17%
Kiloude City
17%
Wedgehurst
17%
Alfornada
10%
Artazon
10%
Cascaraffa
10%
Cortondo
10%
Los Platos
10%
KitakamiMossui Town
10%
Zapapico
10%
Levincia
7%
Medali
7%
Monteneverra
7%
Porto Marinada
5%

Score Distribution

Percentile by Number Answered

Percent of People with Each Score

Your Score History

You have not taken this quiz since the last reset